<?xml version="1.0" encoding="UTF-8"?>
<marc:record xmlns:marc="http://www.loc.gov/MARC21/slim">
   <marc:leader>00000nam a2200000 a 4500</marc:leader>
   <marc:datafield ind1="1" ind2=" " tag="100">
      <marc:subfield code="a">Illy, Daniel</marc:subfield>
      <marc:subfield code="4">aut</marc:subfield>
      <marc:subfield code="e">Verfasser/-in</marc:subfield>
   </marc:datafield>
   <marc:datafield ind1=" " ind2=" " tag="653">
      <marc:subfield code="a">Softcover / Medizin/Klinische Fächer</marc:subfield>
   </marc:datafield>
   <marc:datafield ind1=" " ind2=" " tag="653">
      <marc:subfield code="a">Ratgeber</marc:subfield>
   </marc:datafield>
   <marc:datafield ind1="0" ind2="0" tag="245">
      <marc:subfield code="a">Ratgeber bipolare Störungen</marc:subfield>
   </marc:datafield>
   <marc:datafield ind1="0" ind2="0" tag="245">
      <marc:subfield code="c">Daniel Illy ; mit Illustrationen von Elisabeth Deim</marc:subfield>
   </marc:datafield>
   <marc:datafield ind1=" " ind2="1" tag="264">
      <marc:subfield code="a">München</marc:subfield>
      <marc:subfield code="b">Elsevier</marc:subfield>
      <marc:subfield code="c">2017</marc:subfield>
   </marc:datafield>
   <marc:datafield ind1=" " ind2=" " tag="250">
      <marc:subfield code="a">1. Auflage</marc:subfield>
   </marc:datafield>
   <marc:datafield ind1="1" ind2=" " tag="520">
      <marc:subfield code="a">Angaben aus der Verlagsmeldung

Ratgeber Bipolare Störungen / von Daniel Illy

Mal rastlos und voller Energie – mal antriebslos, traurig und leer … Manie und Depression wechseln sich ab und machen es dem Betroffenen schwer, sein Leben zu meistern.
30 kurze Kapitel helfen, ein umfassendes Verständnis für das Krankheitsbild Bipolare Störungen zu bekommen.
Sie geben dem Leser wichtige Anregungen, was er selbst tun kann, damit Sie besser mit der Krankheit umzugehen und wann es ratsam ist, sich in professionelle Hände zu begeben – sei es bei einem Arzt oder einem Therapeuten.
Der Ratgeber klärt auf; ohne zu beschönigen. Er infomiert über die verschiedenen Behandlungsmöglichkeiten – medikamentös und psychotherapeutisch. Aber er macht auch Mut und zeigt, dass man in kleinen Schritten etwas für sich tun kann, um die beiden Extreme abzufedern und besser mit der Krankheit umzugehen.
Der Autor, ein erfahrener Arzt, beantwortet in diesem Buch all die Fragen rund um das Thema, die ihm seine Patienten im Praxisalltag stellen.
</marc:subfield>
   </marc:datafield>
   <marc:datafield ind1=" " ind2=" " tag="020">
      <marc:subfield code="a">9783437229817</marc:subfield>
      <marc:subfield code="9">9783437229817</marc:subfield>
   </marc:datafield>
   <marc:datafield ind1=" " ind2=" " tag="020">
      <marc:subfield code="a">3437229818</marc:subfield>
      <marc:subfield code="9">3437229818</marc:subfield>
   </marc:datafield>
   <marc:datafield ind1=" " ind2=" " tag="041">
      <marc:subfield code="a">ger</marc:subfield>
   </marc:datafield>
   <marc:datafield ind1=" " ind2=" " tag="300">
      <marc:subfield code="a">VI, 160 Seiten</marc:subfield>
   </marc:datafield>
</marc:record>
